<?xml version="1.0" encoding="UTF-8"?>
<record
    xmlns:xsi="http://www.w3.org/2001/XMLSchema-instance"
    xsi:schemaLocation="http://www.loc.gov/MARC21/slim http://www.loc.gov/standards/marcxml/schema/MARC21slim.xsd"
    xmlns="http://www.loc.gov/MARC21/slim">

  <leader>02013nam a2200265Ia 4500</leader>
  <controlfield tag="003">OSt</controlfield>
  <controlfield tag="005">20250408113759.0</controlfield>
  <controlfield tag="008">210716s2011    xx            000 0 und d</controlfield>
  <datafield tag="020" ind1=" " ind2=" ">
    <subfield code="a">9789380381145</subfield>
  </datafield>
  <datafield tag="040" ind1=" " ind2=" ">
    <subfield code="c">AIMIT LIBRARY</subfield>
  </datafield>
  <datafield tag="041" ind1=" " ind2=" ">
    <subfield code="a">eng</subfield>
  </datafield>
  <datafield tag="082" ind1=" " ind2=" ">
    <subfield code="a">332.04154 </subfield>
    <subfield code="2">2</subfield>
    <subfield code="b">CORJ</subfield>
  </datafield>
  <datafield tag="100" ind1=" " ind2=" ">
    <subfield code="a">Cornwall, Jeffrey R.</subfield>
    <subfield code="9">13779</subfield>
  </datafield>
  <datafield tag="245" ind1=" " ind2=" ">
    <subfield code="a">Entrepreneurial financial management :</subfield>
    <subfield code="b">an applied approach /</subfield>
    <subfield code="c">by Jeffrey R Cornwall, David O Vang and Jean M Hartman.</subfield>
  </datafield>
  <datafield tag="250" ind1=" " ind2=" ">
    <subfield code="a">2</subfield>
  </datafield>
  <datafield tag="260" ind1=" " ind2=" ">
    <subfield code="a">Chennai :</subfield>
    <subfield code="b">Yes Dee Publishing Pvt Ltd ,</subfield>
    <subfield code="c">2011.</subfield>
  </datafield>
  <datafield tag="300" ind1=" " ind2=" ">
    <subfield code="a">x, 300p. ;23cm</subfield>
  </datafield>
  <datafield tag="500" ind1=" " ind2=" ">
    <subfield code="a">This practical text presents an applied, realistic view of entrepreneurial finance for today's changing business environment. It provides an integrated set of concepts and applications, drawing from entrepreneurship, finance, and accounting, that will prepare aspiring entrepreneurs for the world they will most likely face as they start their new businesses. The contents are designed to follow the life cycle of a new business venture, with topics presented in the logical order that entrepreneurs are likely to face them. Although the authors cover venture capital and public offerings, they put them in their proper perspective as unlikely vehicles for most entrepreneurs. The book includes a comprehensive financial spreadsheet template with step-by-step instructions that allows for applications of many of the concepts to actual businesses. This new edition adds a nonprofit version of the spreadsheet, and both templates can be downloaded from the author's website. The book also includes a comprehensive survey of funding sources, including all-new chapters on financing over the life of a venture and financing from the entrepreneur, family and friends.</subfield>
  </datafield>
  <datafield tag="650" ind1=" " ind2=" ">
    <subfield code="a">Financial forecast</subfield>
    <subfield code="9">13780</subfield>
  </datafield>
  <datafield tag="650" ind1=" " ind2=" ">
    <subfield code="a">Sources of financing</subfield>
    <subfield code="9">13781</subfield>
  </datafield>
  <datafield tag="650" ind1=" " ind2=" ">
    <subfield code="a">Planning for the entrepreneurs transition</subfield>
    <subfield code="9">13782</subfield>
  </datafield>
  <datafield tag="700" ind1=" " ind2=" ">
    <subfield code="a">Vang, Davi O.</subfield>
    <subfield code="9">13783</subfield>
  </datafield>
  <datafield tag="700" ind1=" " ind2=" ">
    <subfield code="a">Hartman, Jean M.</subfield>
    <subfield code="9">13784</subfield>
  </datafield>
  <datafield tag="942" ind1=" " ind2=" ">
    <subfield code="2">ddc</subfield>
    <subfield code="c">BK</subfield>
    <subfield code="e">2</subfield>
    <subfield code="k">332.04154 CORJ</subfield>
  </datafield>
  <datafield tag="999" ind1=" " ind2=" ">
    <subfield code="c">207650</subfield>
    <subfield code="d">207650</subfield>
  </datafield>
  <datafield tag="952" ind1=" " ind2=" ">
    <subfield code="0">0</subfield>
    <subfield code="1">0</subfield>
    <subfield code="2">ddc</subfield>
    <subfield code="4">0</subfield>
    <subfield code="7">0</subfield>
    <subfield code="8">MBA</subfield>
    <subfield code="a">AIMIT</subfield>
    <subfield code="b">AIMIT</subfield>
    <subfield code="c">FM</subfield>
    <subfield code="d">2025-03-11</subfield>
    <subfield code="e">Biblios Book Point</subfield>
    <subfield code="g">495.00</subfield>
    <subfield code="i">Bill no:7466; Bill dt:2026-03-11</subfield>
    <subfield code="l">0</subfield>
    <subfield code="o">332.04154 CORJ</subfield>
    <subfield code="p">MBA14858</subfield>
    <subfield code="r">2026-05-23 00:00:00</subfield>
    <subfield code="v">386.10</subfield>
    <subfield code="w">2021-07-16</subfield>
    <subfield code="y">BK</subfield>
  </datafield>
  <datafield tag="952" ind1=" " ind2=" ">
    <subfield code="0">0</subfield>
    <subfield code="1">0</subfield>
    <subfield code="2">ddc</subfield>
    <subfield code="4">0</subfield>
    <subfield code="7">0</subfield>
    <subfield code="8">MBA</subfield>
    <subfield code="a">AIMIT</subfield>
    <subfield code="b">AIMIT</subfield>
    <subfield code="c">FM</subfield>
    <subfield code="d">2012-10-01</subfield>
    <subfield code="g">495.00</subfield>
    <subfield code="i">Bill no:599; Bill dt:2012-10-11</subfield>
    <subfield code="l">0</subfield>
    <subfield code="o">332.04154 CORJ</subfield>
    <subfield code="p">MBA10216</subfield>
    <subfield code="r">2026-05-23 00:00:00</subfield>
    <subfield code="v">386.10</subfield>
    <subfield code="w">2021-07-16</subfield>
    <subfield code="y">BK</subfield>
  </datafield>
</record>
